000
00341nam a22001217a 4500
003
SGT
082
_a
200
_b
S02S
100
_a
शारदानंद, स्वामी
245
_a
श्रीरामकृष्णलीलाप्रसंग
260
_b
रामकृष्णमठ
_c
2002
300
_a
978
942
_2
ddc
_c
BK
999
_c
31691
_d
31691